| 000 | 01099nam a22003257a 4500 | ||
|---|---|---|---|
| 003 | CHAP | ||
| 005 | 20220329143844.0 | ||
| 008 | 120224s1987 us r 00010 eng d | ||
| 010 | _a102841 | ||
| 011 | _a103813 | ||
| 020 | _a0471802603 | ||
| 035 | _a114502 | ||
| 040 | _cCHAP | ||
| 082 | 0 | 4 |
_a519.54 _bG13 |
| 100 | 1 |
_aGallant, A. Ronald. _944336 |
|
| 245 | 1 | 0 |
_aNonlinear statistical models _c/por A. Ronald Gallant |
| 260 |
_aEstados Unidos : _bJohn Wiley & Sons, _c1987 |
||
| 300 | _axii, 610 p. | ||
| 490 | 0 | _aWiley series in probability and mathematical statistics | |
| 590 |
_aBATCH-UPD _b10 _c20130110 _lUCH01 _h1627 |
||
| 590 |
_aBATCH-UPD _b10 _c20130410 _lUCH01 _h1020 |
||
| 590 |
_aBATCH-UPD _b10 _c20130914 _lUCH01 _h0345 |
||
| 590 |
_aCONVERSION _b10 _c20130109 _lUCH01 _h1357 |
||
| 650 | 0 | 4 |
_aAnálisis de regresión. _95974 |
| 650 | 0 | 4 |
_aAnálisis multivariado. _95990 |
| 830 | 0 |
_aWiley series in probability and mathematical statistics _9121943 |
|
| 901 | _aBK | ||
| 942 | _cLIBRO | ||
| 949 |
_a519.54 G13 _bBC _cLIBRO _d33724002320959 _eLIBRO _gI.260145 _h616323 _i114502 _sb _t3,469.50 |
||
| 999 |
_c102841 _d102841 |
||